| Tag |
First Indicator |
Second Indicator |
Subfields |
| LEADER |
00000pam a22000004a 4500 |
| 001 |
in00002016558 |
| 005 |
20151031152727.0 |
| 008 |
040511s2004 caua b 001 0 eng |
| 010 |
|
|
|a 2004010943
|
| 015 |
|
|
|a GBA463882
|2 bnb
|
| 016 |
7 |
|
|a 012981785
|2 Uk
|
| 020 |
|
|
|a 0787974730 (alk. paper)
|
| 035 |
|
|
|a (OCoLC)ocm55138596
|
| 040 |
|
|
|a DLC
|c DLC
|d UKM
|d C#P
|d TXA
|d UtOrBLW
|
| 042 |
|
|
|a pcc
|
| 049 |
|
|
|a TXAM
|
| 050 |
0 |
0 |
|a HD58.8
|b .K568 2004
|
| 082 |
0 |
0 |
|a 658.4/06
|2 22
|
| 100 |
1 |
|
|a Klein, Janice Anne.
|
| 245 |
1 |
0 |
|a True change :
|b how outsiders on the inside get things done in organizations /
|c Janice A. Klein.
|
| 250 |
|
|
|a 1st ed.
|
| 264 |
|
1 |
|a San Francisco :
|b Jossey-Bass,
|c [2004]
|
| 264 |
|
4 |
|c ©2004
|
| 300 |
|
|
|a xiv, 207 pages :
|b illustrations ;
|c 24 cm.
|
| 336 |
|
|
|a text
|b txt
|2 rdacontent
|
| 337 |
|
|
|a unmediated
|b n
|2 rdamedia
|
| 338 |
|
|
|a volume
|b nc
|2 rdacarrier
|
| 504 |
|
|
|a Includes bibliographical references (pages 197-202) and index.
|
| 505 |
0 |
|
|a What is true change? -- The process of pulling change -- Aligning pulls across the organization -- Working within the existing culture to pull change -- Preparing insiders to wear two hats -- Preparing outsiders to wear two hats -- Getting to the right place at the right time to pull change -- Maintaining outsider-insider perspectives.
|
| 650 |
|
0 |
|a Organizational change.
|
| 650 |
|
0 |
|a Organizational effectiveness.
|
| 650 |
|
0 |
|a Corporate culture.
|
| 650 |
|
0 |
|a Employee motivation.
|
| 856 |
4 |
2 |
|3 Publisher description
|u http://www.loc.gov/catdir/description/wiley042/2004010943.html
|t 0
|
| 994 |
|
|
|a C0
|b TXA
|
| 948 |
|
|
|a cataloged
|b h
|c 2004/12/14
|d c
|e bwalker
|f 9:54:14 am
|
| 999 |
|
|
|a MARS
|
| 999 |
f |
f |
|s 0508fd56-c233-3616-8791-d156417e8db7
|i 72aade9f-ceff-39a7-93a5-545d945cc290
|t 0
|
| 952 |
f |
f |
|p ric
|a Texas A&M University
|b Rellis Campus
|c Joint Library Facility
|d Remote Storage
|t 0
|e HD58.8 .K568 2004
|h Library of Congress classification
|i unmediated -- volume
|m A14831644339
|
| 998 |
f |
f |
|a HD58.8 .K568 2004
|t 0
|l Remote Storage
|